000 01000pab a2200169 454500
008 180718b005 xxu||||| |||| 00| 0 eng d
100 _aSuneetha, A.
245 _aAdjudicating (Un) domestic battles
260 _c005
300 _ap.4101-103.
362 _a17 Sep
520 _aConsidering that domestic violence emerges in a context where women are refusing to conform to given roles and seeking to change them, to what extent can legal intervention empower them in their struggles? What is of concern here is that the current perspectives focusing on violence and victimhood are not able to capture these strategic battles of women. The seemingly "natural" response of looking to law for resolutions is a problematic move - one that individualises the woman into a case and leads to a depoliticisation of the discussion of women's battles in the family. - Reproduced.
650 _aDomestic violence
700 _aNagaraj, Vasudha
773 _aEconomic and Political Weekly
909 _a67019
999 _c67019
_d67019